Представление документа в формате MARC21

Поле Инд. ПП Название Значение
Тип записи a
Библиографический уровень b
001 Контрольный номер RU/IS/BASE/325081076
005 Дата корректировки 20241219101747.1
008 Кодируемые данные 20100420
040 b Код языка каталог. rus
e Правила каталог. PSBO
041 0_ a Код языка текста rus
084 a Индекс другой классификации/Индекс ББК 83г(5Азе)6
100 1_ a Автор Мамедова Л. Р.
q Полное имя Мамедова Ляман Расуловна
245 10 a Заглавие Шихали Курбанов - видный специалист по азербайджанско-русским литературным связям
504 a Библиография Библиогр.: с. 162
520 0_ a Аннотация Статья посвящена изучению творческого наследия видного азербайджанского ученого, писателя, политического деятеля Шихали Курбанова, с именем которого связано развитие азербайджанского сравнительного литературоведения
600 14 a Персоналии Курбанов Шихали
a Персоналии Пушкин Александр Сергеевич
650 04 a Основная рубрика литературоведение
a Основная рубрика теория литературы
a Основная рубрика филологические науки
653 0_ a Ключевые слова "А. С. Пушкин и Азербайджан"
a Ключевые слова Азербайджан
a Ключевые слова азербайджанская литература
a Ключевые слова история литературоведения
a Ключевые слова литературные связи
a Ключевые слова перевод
a Ключевые слова Россия
a Ключевые слова русская литература
a Ключевые слова сравнительное литературоведение
773 08 t Заглавие источника Вестник Московского университета. Серия 9, Филология
d Дата издания источника 2009
g Прочая информация № 4. - С. 149 - 162
w Контрольный № источника RU/IS/BASE/321796379
901 t Тип документа b